000 00448nam a2200181Ia 4500
005 20250423094631.0
008 250422s9999 xx 000 0 und d
020 _a978-34830-5-6
050 _aKP 84 .O5/
100 _aOnyekpere, Eze
245 0 _aBudget laws : selection from western Nigeria
260 _aLagos
260 _bSocio -Economic Rights Initiative
260 _c2005
300 _a306 p
650 _aManagement
942 _cBK
999 _c27835
_d27835